000 00709nam a2200229 a 4500
001 BRCA_5373
005 20190320205042.0
008 081210s1985----u--a######---#000-0#eng-#
020 _a0399511792
041 _aeng
044 _au
050 4 _aNK1125
_b.L95 1985
245 1 0 _aThe Lyle
_bofficial Antiques review 1986
_ccompiled & edited by Anthony Curtis.
260 _aEstados Unidos
_bLyle
_c1985
300 _a672 p.
_bil.
_c22 cm.
500 _aIncluye índice alfabético
500 _aDonación Dr. Héctor Rivero Borrell Vázquez
650 1 4 _aAntigüedades
_vCatálogos
_xColecciones
_y1986
_zEstados Unidos
_913751
700 1 _aCurtis, Anthony
_eEditor
_913752
902 _aDHR
942 _2lcc
_cB
999 _c5067
_d5067